000 00939nam a22002537i 4500
999 _c23158
_d23158
003 AR-CdUCM
008 241216b20242024 pe||||| |||| 00| 0 spa d
020 _a978-612-49535-0-7
040 _aMUNICIPALIDAD PROVINCIAL DEL CUSCO
_cBIBLIOTECA MUNICIPAL DEL CUSCO
041 _hspa
082 _a726.6098562 / Q76
_bQ76
100 _aQuispe López, Ciro
_950882
245 _aCatedral de Juli :
_bJoya Barroca de la pequeña Roma de América /
260 _aPuno :
_bPrelatura de Juli.
_c2024
300 _a119 páginas. :
_c23 cm.
505 _aLos orígenes de Juli -- Jesuitas en Juli -- Fotos diversas a color -- La escuela de Juli -- La catedral de Juli -- Los retablos -- Tesoros de la catedral
650 _aFotos de retablos-pinturas
_950908
650 _aReligión
_91195
650 _aPinturas
_94997
650 _aSacristía
_950883
650 _aBaptisterio
_950884
942 _2ddc
_cLIBROS
945 _apbj
_d16-12-2024